Kathy Bates Filmography - Statistics

General Stats
  • This quiz has been taken 125 times
    8 since last reset
  • The average score is 23 of 187
Answer Stats
Type Year Name % Correct
Film 1990 Misery
100%
Film 1997 Titanic
86%
TV Show 2013-2018, 2026 American Horror Story
71%
Film 1995 Dolores Claiborne
43%
Film 2006 Failure to Launch
43%
TV Mini-Series 2017 Feud
43%
Film 1991 Fried Green Tomatoes
43%
TV Show 2024-Present Matlock
43%
Film 1998 Primary Colors
43%
Film 2007 P.S. I Love You
43%
Film 2001 Rat Race
43%
Film 1998 The Waterboy
43%
Film 2010 Valentine's Day
43%
Film 2002 About Schmidt
29%
Film 2007 Bee Movie
29%
Film 2006 Bonneville
29%
Film 2006 Charlotte's Web
29%
Film 2009 Chéri
29%
Film 2016 Complete Unknown
29%
Film 1990 Dick Tracy
29%
Film 2002 Dragonfly
29%
Film 2007 Fred Claus
29%
Film 2004 Little Black Book
29%
Film 2011 Midnight in Paris
29%
Film 2008 Personal Effects
29%
Film 2008 Revolutionary Road
29%
Film 2019 Richard Jewell
29%
Film 2005 Rumor Has It...
29%
Film 2014 Tammy
29%
TV Show 2018 The Big Bang Theory
29%
Film 2009 The Blind Side
29%
Film 2015 The Great Gilly Hopkins
29%
Film 2024 The Great Lillian Hall
29%
TV Show 2010-2011 The Office
29%
Film 1990 White Palace
29%
Film 1998 A Civil Action
14%
Film 2024 A Family Affair
14%
Film 1993 A Home of Our Own
14%
Film 2011 A Little Bit of Heaven
14%
TV Show 2015 American Dad!
14%
Film 2001 American Outlaws
14%
Film 1995 Angus
14%
Film 2004 Around the World in 80 Days
14%
Film 1988 Arthur 2: On the Rocks
14%
Film 1991 At Play in the Fields of the Lord
14%
Short Film 1999 Baby Steps
14%
Film 2016 Bad Santa 2
14%
Film 2015 Boychoir
14%
Film 2000 Bruno
14%
Short Film 2012 Cadaver
14%
Film 2007 Christmas Is Here Again
14%
Film 1982 Come Back to the Five and Dime, Jimmy Dean, Jimmy Dean
14%
Theater 1982 Come Back to the Five and Dime, Jimmy Dean, Jimmy Dean
14%
Theater 1985-1986 Curse of the Starving Class
14%
Film 1994 Curse of the Starving Class
14%
Film 1996 Diabolique
14%
Film 2006 Guilty Hearts
14%
Short Film 2005 Hansel and Gretel
14%
TV Show 2011-2012 Harry's Law
14%
Film 1989 High Stakes
14%
Film 2017 Krystal
14%
Film 1993 Living and Working in Space: The Countdown Has Begun
14%
Film 2002 Love Liza
14%
Film 1990 Men Don't Leave
14%
TV Film 1987 Murder Ordained
14%
Film 1987 My Best Friend Is a Vampire
14%
Theater 1982-1986 'night, Mother
14%
Film 1994 North
14%
Short Film 2004 Popeye's Voyage: The Quest for Pappy
14%
Film 1992 Prelude to a Kiss
14%
Film 2006 Relative Strangers
14%
Film 1991 Shadows and Fog
14%
Film 1989 Signs of Life
14%
TV Show 2003-2005 Six Feet Under
14%
Short Film 2006 Solace
14%
Film 1978 Straight Time
14%
Film 2024 Summer Camp
14%
Film 1987 Summer Heat
14%
Film 1997 Swept from the Sea
14%
Film 1971 Taking Off
14%
Film 2016 The Boss
14%
Film 2004 The Bridge of San Luis Rey
14%
Documentary 2004 The Cutting Edge: The Magic of Movie Editing
14%
Film 2008 The Day the Earth Stood Still
14%
Film 1998 The Effects of Magic
14%
Film 2008 The Family That Preys
14%
Film 2007 The Golden Compass
14%
Film 2019 The Highwaymen
14%
Short Film 2004 The Ingrate
14%
TV Film 1996 The Late Shift
14%
Documentary 2009 The Legend of Pancho Barnes and the Happy Bottom Riding Club
14%
Film 2023 The Miracle Club
14%
Film 1986 The Morning After
14%
Theater 1988 The Road to Mecca
14%
Film 1991 The Road to Mecca
14%
Film 1996 The War at Home
14%
Film 1983 Two of a Kind
14%
Film 2002 Unconditional Love
14%
Film 1992 Used People
14%
TV Documentary 2000 Without Lying Down: Frances Marion and the Power of Women in Hollywood
14%
Film 2011 You May Not Kiss the Bride
14%
TV Show 1999 3rd Rock from the Sun
0%
TV Show 1997 Adventures from the Book of Virtues
0%
TV Special 1993 AFI Life Achievement Award: A Tribute to Elizabeth Taylor
0%
TV Mini-Series 2009 Alice
0%
TV Show 1984 All My Children
0%
TV Film 2005 Ambulance Girl
0%
Documentary Series 1993, 2004 American Experience
0%
TV Film 1999 Annie
0%
Theater 1975 A Quality of Mercy
0%
Film 2023 Are You There God? It's Me, Margaret
0%
TV Show 1986 Cagney & Lacey
0%
Theater 1975 Casserole
0%
TV Show 1989 China Beach
0%
Theater 1980-1981 Chocolate Cake
0%
Documentary Mini-Series 2021 Clint Eastwood: A Cinematic Legacy
0%
Theater 1979 Crimes of the Heart
0%
Director 1999 Dash and Lilly
0%
Theater 1985 Days and Nights Within
0%
Commercial 2008 DirecTV
0%
Web Series 2017-2018 Disjointed
0%
TV Show 2019 Dr. Phil
0%
Director 2002 Everwood
0%
Theater 1981 Extremities
0%
TV Pilot 2003 Fargo
0%
Theater 1980-1982 Fifth of July
0%
Theater 1980-1981 Final Placement
0%
Theater 1987-1989 Frankie and Johnny in the Clair de Lune
0%
Theater 1980 Goodbye Fidel
0%
TV Show 1995 Great Performances
0%
TV Special 1997 Happy Birthday Elizabeth: A Celebration of Life
0%
Film 2006 Have Mercy
0%
TV Show 2002 Hollywood Squares
0%
Film 2020 Home
0%
Director 1996 Homicide: Life on the Street
0%
TV Film 1992 Hostages
0%
TV Special 1992 In a New Light: A Call to Action in the War Against AIDS
0%
Documentary Series 1999 Intimate Portrait
0%
TV Film 1986 Johnny Bull
0%
TV Show 2001 King of the Hill
0%
TV Show 1989 L.A. Law
0%
TV Special 1992 Laughing Back: Comedy Takes a Stand
0%
TV Show 2018 Lip Sync Battle
0%
TV Show 2000 MADtv
0%
Theater 2006 Master Class
0%
Commercial 2021 Merge Mansion
0%
TV Show 2014, 2015 Mike & Molly
0%
TV Short 2018 Moose
0%
TV Film 2002 My Sister's Keeper
0%
TV Film 1989 No Place Like Home
0%
Director 1997 NYPD Blue
0%
TV Show 1984 One Life to Live
0%
Film 2018 On the Basis of Sex
0%
Director 1998 Oz
0%
TV Film 2000 Possessed
0%
Documentary 2012 Reflections on Titanic
0%
TV Film 1989 Roe vs. Wade
0%
TV Show 1993 Shelley Duvall's Bedtime Stories
0%
Theater 1980-1981 Shorts
0%
Theater 1985 Shorts #2
0%
TV Special 2010, 2016, 2018 Stand Up to Cancer
0%
TV Show 1986, 1987 St. Elsewhere
0%
TV Documentary 1999 Stephen King: Shining in the Dark
0%
Theater 1979 The Art of Dining
0%
Film 2018 The Death and Life of John F. Donovan
0%
TV Show 1978 The Doctors
0%
TV Show 2016 The Dr. Oz Show
0%
TV Documentary 1996 The Good, the Bad & the Beautiful
0%
Film TBA Thelma
0%
TV Show 1978 The Love Boat
0%
TV Documentary 2006 The People's President
0%
Theater 1979 The Shadow Box
0%
Audiobook 1988 The Silence of the Lambs
0%
TV Mini-Series 1994 The Stand
0%
TV Show 1990, 1991 The Tonight Show Starring Johnny Carson
0%
TV Film 1995 The West Side Waltz
0%
TV Documentary 1998 Titanic: Breaking New Ground
0%
TV Special 1998 To Life! America Celebrates Israel's 50th
0%
Theater 2008 Trumpet of the Swan
0%
Commercial 2017 TurboTax
0%
TV Show 2012 Two and a Half Men
0%
Theater 1985 Two Masters
0%
Theater 1976-1979 Vanities
0%
TV Short 1977 Vanities
0%
TV Film 2005 Warm Springs
0%
Film 2014 When Marie Was There
0%
Theater 1975 Zero Sum
0%
No matching quizzes found
Score Distribution
Percent of People with Each Score
Percentile by Number Answered
Your Score History
You have not taken this quiz since the last reset